[Event "44º Torneo Internacional de Ajedrez de La Roda"]
[Site "La Roda (Albacete) - ESPAÑA"]
[Date "2017.04.15"]
[Round "6"]
[Board "12"]
[White "Quirhuayo Chumbe, German Gonza"]
[Black "Trigo Urquijo, Sergio"]
[Result "1/2-1/2"]
[WhiteElo "2291"]
[BlackElo "2397"]
[PlyCount "127"]
[EventDate "2017.04.12"]
[EventRounds "9"]
[EventCountry "ESP"]

1. e4 d6 2. d4 Nf6 3. Nc3 e5 4. Nf3 Nbd7 5. Bc4 Be7 6. O-O O-O 7. Re1 a6 8. a4
b6 9. Nd5 Bb7 10. Nxe7+ Qxe7 11. d5 c6 12. Bg5 h6 13. Bxf6 Nxf6 14. Bb3 cxd5
15. exd5 Rac8 16. c4 b5 17. Rc1 bxc4 18. Bxc4 Nxd5 19. Qb3 Nf4 20. Bf1 Rxc1 21.
Rxc1 Nh3+ 22. gxh3 Bxf3 23. Qe3 Bb7 24. b4 f5 25. Be2 f4 26. Qb3+ Kh8 27. Bg4
Qg5 28. Kf1 h5 29. Rc7 hxg4 30. Rxb7 g3 31. hxg3 fxg3 32. Rf7 g2+ 33. Kg1 Rc8
34. Qg3 Qxg3 35. fxg3 Rb8 36. Ra7 Rxb4 37. Rxa6 Rd4 38. Kxg2 Kh7 39. Ra8 Kg6
40. h4 Kf5 41. Kh3 e4 42. a5 Ra4 43. a6 e3 44. Re8 Rxa6 45. Rxe3 d5 46. Kg2 d4
47. Re1 Ra3 48. Kf2 g6 49. Re8 Rb3 50. Re1 d3 51. Ke3 Kg4 52. Kd2 Rb2+ 53. Kxd3
Rb3+ 54. Ke4 Rxg3 55. Rh1 Kh5 56. Ke5 Rg4 57. Kf6 Kh6 58. Kf7 Kh7 59. Kf6 Kh6
60. Kf7 Rf4+ 61. Kg8 Ra4 62. Rh2 Ra7 63. Rh1 Kh5 64. Kh8 1/2-1/2

[Event "44º Torneo Internacional de Ajedrez de La Roda"]
[Site "La Roda (Albacete) - ESPAÑA"]
[Date "2017.04.15"]
[Round "6"]
[Board "13"]
[White "Martin Duque, Jesus"]
[Black "Nieves Cabanes, Jose Manuel"]
[Result "1/2-1/2"]
[WhiteElo "2353"]
[BlackElo "2206"]
[PlyCount "69"]
[EventDate "2017.04.12"]
[EventRounds "9"]
[EventCountry "ESP"]

1. e4 c5 2. Nf3 Nc6 3. d4 cxd4 4. Nxd4 e5 5. Nb5 a6 6. Nd6+ Bxd6 7. Qxd6 Qf6 8.
Qxf6 Nxf6 9. Nc3 Nb4 10. Kd2 d6 11. a3 Nc6 12. Ke1 h6 13. Be3 Ke7 14. Rd1 Be6
15. Nd5+ Bxd5 16. exd5 Nb8 17. f3 Nbd7 18. Be2 b5 19. Kf2 Rab8 20. f4 Rhc8 21.
c3 Ne4+ 22. Kf3 f5 23. g4 exf4 24. Bxf4 g5 25. Bg3 Nxg3 26. hxg3 fxg4+ 27. Ke3
Rh8 28. Bxg4 Ne5 29. Be2 Kf6 30. Rd4 Rbe8 31. Kd2 Nd7 32. Bd3 Ne5 33. Be2 Nd7
34. Bd3 Ne5 35. Be2 1/2-1/2

[Event "44º Torneo Internacional de Ajedrez de La Roda"]
[Site "La Roda (Albacete) - ESPAÑA"]
[Date "2017.04.15"]
[Round "6"]
[Board "14"]
[White "Moreno Ibanez, Miguel"]
[Black "Quintin Navarro, Alberto"]
[Result "1/2-1/2"]
[WhiteElo "2282"]
[BlackElo "2349"]
[PlyCount "143"]
[EventDate "2017.04.12"]
[EventRounds "9"]
[EventCountry "ESP"]

1. e4 e5 2. Nf3 Nc6 3. Bb5 Bc5 4. O-O Qf6 5. c3 Nge7 6. Re1 O-O 7. d4 exd4 8.
e5 Qg6 9. cxd4 Bb4 10. Bd3 f5 11. Nc3 d5 12. Bd2 Bxc3 13. Bxc3 h6 14. b4 Nd8
15. b5 Ne6 16. Bb4 Nf4 17. Nh4 Qg5 18. Bxe7 Qxe7 19. g3 Qg5 20. Bf1 Ne6 21. Bg2
c6 22. bxc6 bxc6 23. Rc1 Bd7 24. f4 Qd8 25. Qd2 Kh7 26. Nf3 Rb8 27. Rc2 Qb6 28.
Rec1 g6 29. h3 Kg7 30. Kh2 Qb4 31. Qd3 Qa4 32. Rc3 Qb5 33. Qd2 Qb6 34. Bf1 Rb7
35. Rb3 Qc7 36. Rxb7 Qxb7 37. Bd3 Qc7 38. Rb1 Rf7 39. Qb4 g5 40. fxg5 hxg5 41.
Qd2 Qd8 42. Rb7 g4 43. Nh4 Ng5 44. Rxa7 f4 45. gxf4 Nxh3 46. Ng2 Qh8 47. Kg3
Ng5 48. Nh4 Qxh4+ 49. Kxh4 Nf3+ 50. Kg3 Nxd2 51. f5 Ne4+ 52. Bxe4 dxe4 53. f6+
Kg6 54. Kf4 Be6 55. Rxf7 Kxf7 56. a4 Ke8 57. a5 Kd8 58. Kxe4 Kc7 59. Kf4 Kb7
60. f7 Bxf7 61. Kxg4 Ka6 62. Kf5 Kxa5 63. Kf6 Bh5 64. Ke6 Kb5 65. Kd7 Bg4+ 66.
e6 Kb6 67. Kd6 Bh5 68. Kd7 Bg4 69. Kd6 Bh5 70. Kd7 Kb5 71. e7 Kc4 72. Kxc6
 1/2-1/2

[Event "44º Torneo Internacional de Ajedrez de La Roda"]
[Site "La Roda (Albacete) - ESPAÑA"]
[Date "2017.04.15"]
[Round "6"]
[Board "15"]
[White "Domingo Nunez, Ruben"]
[Black "Moreno Ruiz, Javier"]
[Result "1/2-1/2"]
[WhiteElo "2256"]
[BlackElo "2454"]
[PlyCount "97"]
[EventDate "2017.04.12"]
[EventRounds "9"]
[EventCountry "ESP"]

1. e4 c5 2. Nf3 g6 3. d4 cxd4 4. Nxd4 Bg7 5. Nc3 Nc6 6. Be3 Nf6 7. Bc4 d6 8. f3
Qb6 9. Bb5 Qc7 10. Nd5 Nxd5 11. exd5 a6 12. Bxc6+ bxc6 13. Nxc6 Bxb2 14. Rb1
Bc3+ 15. Kf2 O-O 16. Qd3 Bf6 17. Rb6 Bd7 18. Rhb1 Bxc6 19. Rxc6 Qa5 20. a3 Qd8
21. Rxa6 Qd7 22. Rc6 h5 23. Rb4 Rfc8 24. Qc4 Qf5 25. a4 Re8 26. Qe4 Qd7 27. Bb6
e6 28. Rc7 exd5 29. Qxd5 Qe6 30. Qxe6 Rxe6 31. a5 d5 32. Rb3 Be5 33. Rd7 Rc6
34. c3 Bxc3 35. Rxd5 Bf6 36. Rbd3 Rc4 37. Ra3 Rb4 38. Rad3 Ra4 39. Rd7 Rc8 40.
Rd2 Bc3 41. Rd8+ Rxd8 42. Rxd8+ Kg7 43. Ra8 Bd4+ 44. Bxd4+ Rxd4 45. Ke3 Ra4 46.
g3 h4 47. a6 Ra2 48. gxh4 Rxh2 49. Kd4 1/2-1/2

[Event "44º Torneo Internacional de Ajedrez de La Roda"]
[Site "La Roda (Albacete) - ESPAÑA"]
[Date "2017.04.15"]
[Round "6"]
[Board "16"]
[White "Mingarro Carceller, Sergi"]
[Black "Campora, Daniel H."]
[Result "1/2-1/2"]
[WhiteElo "2285"]
[BlackElo "2439"]
[PlyCount "58"]
[EventDate "2017.04.12"]
[EventRounds "9"]
[EventCountry "ESP"]

1. e4 e5 2. Nf3 Nc6 3. d4 exd4 4. Nxd4 Bb4+ 5. c3 Bc5 6. Be3 Bb6 7. Nf5 Qf6 8.
Na3 Nge7 9. Bxb6 axb6 10. Nb5 Kd8 11. Ne3 d6 12. Be2 Bd7 13. O-O g5 14. Qd2 Rg8
15. Rfd1 Ne5 16. a4 g4 17. Nd4 h5 18. c4 Rxa4 19. Rxa4 Bxa4 20. Ra1 Bd7 21.
Ra8+ Bc8 22. b4 c6 23. c5 bxc5 24. bxc5 Kc7 25. Qa5+ Kd7 26. Ndf5 dxc5 27. Qd2+
Kc7 28. Qa5+ Kd7 29. Qd2+ Kc7 1/2-1/2

[Event "44º Torneo Internacional de Ajedrez de La Roda"]
[Site "La Roda (Albacete) - ESPAÑA"]
[Date "2017.04.15"]
[Round "6"]
[Board "17"]
[White "Iruzubieta Villaluenga, Jesus"]
[Black "Figuero Toro, Julian Francisco"]
[Result "1/2-1/2"]
[WhiteElo "2434"]
[BlackElo "2259"]
[PlyCount "89"]
[EventDate "2017.04.12"]
[EventRounds "9"]
[EventCountry "ESP"]

1. e4 e5 2. Nf3 Nc6 3. d4 exd4 4. Nxd4 Nf6 5. Nxc6 bxc6 6. e5 Qe7 7. Qe2 Nd5 8.
c4 Nb6 9. Nc3 Ba6 10. Qe4 f5 11. Qxf5 Bxc4 12. Bxc4 Nxc4 13. O-O Qf7 14. Qe4
Be7 15. Nb5 Bd8 16. Nd4 Qd5 17. Qg4 Nxe5 18. Qf4 Bf6 19. Be3 O-O 20. Rfd1 Qf7
21. b3 c5 22. Nb5 d6 23. Rac1 Kh8 24. h3 Rae8 25. Qa4 Re7 26. Nc3 Qe8 27. Qxa7
Nc6 28. Qa6 Bd4 29. Nd5 Ref7 30. Qb5 Qa8 31. Rd2 Bxe3 32. fxe3 Ne5 33. Qe2 Qa5
34. Rcd1 Qa8 35. Qh5 Qd8 36. Nf4 Rf5 37. Qe2 Qh4 38. Qe1 Qg5 39. Kh2 Qh6 40.
Kg1 Qg5 41. Kh1 Qh6 42. Qe2 Qh4 43. Qe1 Qh6 44. Qe2 Qh4 45. Qe1 1/2-1/2

[Event "44º Torneo Internacional de Ajedrez de La Roda"]
[Site "La Roda (Albacete) - ESPAÑA"]
[Date "2017.04.15"]
[Round "6"]
[Board "18"]
[White "Silva Lucena, Cristian"]
[Black "Suarez Uriel, Adrian"]
[Result "1/2-1/2"]
[WhiteElo "2267"]
[BlackElo "2411"]
[PlyCount "98"]
[EventDate "2017.04.12"]
[EventRounds "9"]
[EventCountry "ESP"]

1. e4 c5 2. Nf3 Nc6 3. d4 cxd4 4. Nxd4 g6 5. Nc3 Bg7 6. Be3 Nf6 7. Bc4 O-O 8.
Bb3 d6 9. f3 Bd7 10. h4 Na5 11. Qd2 h5 12. O-O-O Rc8 13. Bg5 Rc5 14. g4 hxg4
15. h5 Rxg5 16. Qxg5 Nh7 17. Qe3 g5 18. fxg4 Be5 19. Nce2 Bxg4 20. Rdg1 Nxb3+
21. axb3 Bxe2 22. Rxg5+ Kh8 23. Rxe5 dxe5 24. Nxe2 Qb6 25. Qg3 Qh6+ 26. Kb1 Qg5
27. Qf2 Nf6 28. Nc3 b6 29. Qe2 Rd8 30. Qc4 e6 31. h6 Kh7 32. Rf1 Rd7 33. Qc6
Re7 34. Nb5 Ne8 35. Nxa7 Qg2 36. Rc1 Rxa7 37. Qxe8 Qxe4 38. Rg1 Qa8 39. Qxa8
Rxa8 40. Rg7+ Kxh6 41. Rxf7 Kg5 42. c4 e4 43. Kc2 Rd8 44. Rf1 e5 45. b4 Rd4 46.
b3 Kg4 47. c5 bxc5 48. bxc5 e3 49. c6 Rd6 1/2-1/2

[Event "44º Torneo Internacional de Ajedrez de La Roda"]
[Site "La Roda (Albacete) - ESPAÑA"]
[Date "2017.04.15"]
[Round "6"]
[Board "19"]
[White "Valmana Canto, Jaime"]
[Black "Villar Reymundo, Juan Antonio"]
[Result "0-1"]
[WhiteElo "2394"]
[BlackElo "2230"]
[PlyCount "72"]
[EventDate "2017.04.12"]
[EventRounds "9"]
[EventCountry "ESP"]

1. e4 c5 2. Nc3 Nc6 3. Bb5 Nd4 4. Nf3 e6 5. O-O a6 6. Bd3 Ne7 7. Nxd4 cxd4 8.
Ne2 Nc6 9. c3 Bc5 10. cxd4 Nxd4 11. b4 Nxe2+ 12. Qxe2 Bd4 13. Rb1 Qf6 14. Kh1
O-O 15. f4 d6 16. Rb3 Bd7 17. Bc4 Rac8 18. Rbf3 Ba4 19. f5 Rxc4 20. Qxc4 Bb5
21. Qc7 Bxf1 22. Rxf1 exf5 23. exf5 Be5 24. g3 b5 25. Qc6 h5 26. Qxa6 h4 27.
Kg2 hxg3 28. hxg3 Qg5 29. Rf3 Qg4 30. Qxb5 Rc8 31. Qf1 Qxb4 32. Ba3 Qxd2+ 33.
Rf2 Qe3 34. Rf3 Rc2+ 35. Kh3 Qh6+ 36. Kg4 Rh2 0-1

[Event "44º Torneo Internacional de Ajedrez de La Roda"]
[Site "La Roda (Albacete) - ESPAÑA"]
[Date "2017.04.15"]
[Round "7"]
[Board "1"]
[White "Vorobiov, Evgeny E."]
[Black "Guerra Mendez, Jose Angel"]
[Result "1/2-1/2"]
[WhiteElo "2584"]
[BlackElo "2542"]
[PlyCount "28"]
[EventDate "2017.04.12"]
[EventRounds "9"]
[EventCountry "ESP"]

1. d4 Nf6 2. c4 g6 3. Nc3 Bg7 4. e4 d6 5. Be2 O-O 6. Nf3 Nbd7 7. O-O e5 8. Be3
Ng4 9. Bg5 Bf6 10. Bc1 Bg7 11. Bg5 Bf6 12. Bc1 Bg7 13. Bg5 Bf6 14. Bxf6 Ngxf6
 1/2-1/2

[Event "44º Torneo Internacional de Ajedrez de La Roda"]
[Site "La Roda (Albacete) - ESPAÑA"]
[Date "2017.04.15"]
[Round "7"]
[Board "2"]
[White "Forcen Esteban, Daniel"]
[Black "Perez Candelario, Manuel"]
[Result "1/2-1/2"]
[WhiteElo "2530"]
[BlackElo "2576"]
[PlyCount "75"]
[EventDate "2017.04.12"]
[EventRounds "9"]
[EventCountry "ESP"]

1. d4 Nf6 2. c4 g6 3. Nc3 Bg7 4. e4 d6 5. h3 O-O 6. Nf3 e5 7. d5 Nh5 8. g3 f5
9. exf5 gxf5 10. Bg5 Qe8 11. Be2 Na6 12. Nh4 Nf6 13. Qc2 e4 14. a3 Nd7 15. Be3
Ne5 16. Ng2 Nc5 17. Nf4 a6 18. Kf1 Ng6 19. Rd1 Nxf4 20. gxf4 Kh8 21. b4 Nd7 22.
Rg1 Bf6 23. Kg2 Rg8+ 24. Kh2 Rg7 25. Qd2 Qe7 26. Bd4 Bxd4 27. Qxd4 Qf6 28. Qe3
Nf8 29. Rxg7 Kxg7 30. Rg1+ Ng6 31. Bh5 Bd7 32. Ne2 a5 33. b5 b6 34. Nd4 Rh8 35.
Rg5 Kf8 36. Bxg6 hxg6 37. Ne2 Kf7 38. Qd4 1/2-1/2

[Event "44º Torneo Internacional de Ajedrez de La Roda"]
[Site "La Roda (Albacete) - ESPAÑA"]
[Date "2017.04.15"]
[Round "7"]
[Board "3"]
[White "Peralta, Fernando"]
[Black "Korneev, Oleg"]
[Result "1/2-1/2"]
[WhiteElo "2565"]
[BlackElo "2594"]
[PlyCount "48"]
[EventDate "2017.04.12"]
[EventRounds "9"]
[EventCountry "ESP"]

1. d4 d5 2. c4 c6 3. Nc3 Nf6 4. e3 e6 5. Bd3 dxc4 6. Bxc4 b5 7. Bd3 Nbd7 8. Nf3
a6 9. a4 b4 10. Nb1 c5 11. O-O Bb7 12. Nbd2 Be7 13. Re1 O-O 14. Qe2 a5 15. e4
cxd4 16. e5 Nd5 17. Nb3 Rc8 18. h4 Re8 19. Qe4 Nf8 20. Nbxd4 Ra8 21. Nb3 Rc8
22. Nbd4 Ba8 23. Qg4 f5 24. exf6 Nxf6 1/2-1/2

[Event "44º Torneo Internacional de Ajedrez de La Roda"]
[Site "La Roda (Albacete) - ESPAÑA"]
[Date "2017.04.15"]
[Round "7"]
[Board "4"]
[White "Gharamian, Tigran"]
[Black "Ramiro Ovejero, Juan Luis"]
[Result "1/2-1/2"]
[WhiteElo "2625"]
[BlackElo "2398"]
[PlyCount "135"]
[EventDate "2017.04.12"]
[EventRounds "9"]
[EventCountry "ESP"]

1. e4 d6 2. d4 Nf6 3. Nc3 e5 4. Nf3 Nbd7 5. Bc4 Be7 6. a4 O-O 7. O-O a5 8. h3
Nb6 9. Ba2 Nfd7 10. Be3 exd4 11. Bxd4 Bf6 12. Re1 Bxd4 13. Qxd4 Nb8 14. e5 Nc6
15. Qf4 d5 16. Rad1 Nb4 17. Bb1 Qe7 18. b3 Bd7 19. Ne2 f5 20. e6 Qxe6 21. Qxc7
Rac8 22. Qf4 Qf6 23. Ned4 Na6 24. Qd2 Nc5 25. Qxa5 Ne4 26. Qb4 g5 27. a5 Na8
28. Qxb7 Nc7 29. Qb6 Qg7 30. c4 g4 31. hxg4 fxg4 32. Bxe4 dxe4 33. Nd2 g3 34.
Nxe4 gxf2+ 35. Nxf2 Rf6 36. Qb7 Rcf8 37. Ne4 Rg6 38. Rd2 Bh3 39. Ree2 Kh8 40.
Nc3 Rgf6 41. Re1 Qg3 42. Qe4 Re8 43. Qxe8+ Nxe8 44. Rxe8+ Kg7 45. Nd5 Rg6 46.
Re3 Qg5 47. Nf3 Qf5 48. Rde2 Qb1+ 49. Kh2 Bg4 50. Re7+ Kh6 51. R7e3 Kg7 52. Nf4
Rf6 53. Re7+ Kh6 54. Nd5 Bxf3 55. Nxf6 Bxe2 56. Rxe2 Qxb3 57. Ng4+ Kg5 58. Ne5
Qd1 59. Nf3+ Kf4 60. Re5 Qa4 61. Rh5 Ke3 62. Kg3 Qxc4 63. Re5+ Kd3 64. Kf2 Qc2+
65. Kg3 Qa4 66. Kf2 Qc2+ 67. Kg3 Qa4 68. Kf2 1/2-1/2

[Event "44º Torneo Internacional de Ajedrez de La Roda"]
[Site "La Roda (Albacete) - ESPAÑA"]
[Date "2017.04.15"]
[Round "7"]
[Board "5"]
[White "Suarez Gomez, Julio"]
[Black "Andriasian, Zaven"]
[Result "0-1"]
[WhiteElo "2460"]
[BlackElo "2615"]
[PlyCount "72"]
[EventDate "2017.04.12"]
[EventRounds "9"]
[EventCountry "ESP"]

1. e4 c5 2. Nf3 d6 3. d4 cxd4 4. Nxd4 Nf6 5. Nc3 a6 6. a4 g6 7. Be2 Bg7 8. O-O
O-O 9. Be3 Bd7 10. Qd2 Nc6 11. Rfd1 Rc8 12. Nxc6 Bxc6 13. f3 Nd7 14. a5 Qc7 15.
Ra3 Rfd8 16. b4 Qb8 17. Bd4 Bxd4+ 18. Qxd4 Nf6 19. g4 e5 20. Qf2 Kg7 21. Rd2
Bd7 22. h4 Be6 23. Nd5 Bxd5 24. exd5 h5 25. g5 Nd7 26. f4 exf4 27. Qxf4 Re8 28.
Qd4+ Kg8 29. c4 Re7 30. Re3 Rxe3 31. Qxe3 Re8 32. Qf4 b6 33. Bf1 bxa5 34. Rf2
Ne5 35. c5 axb4 36. c6 Qb6 0-1

[Event "44º Torneo Internacional de Ajedrez de La Roda"]
[Site "La Roda (Albacete) - ESPAÑA"]
[Date "2017.04.15"]
[Round "7"]
[Board "6"]
[White "Cifuentes Parada, Roberto"]
[Black "Espinosa Aranda, Angel"]
[Result "1/2-1/2"]
[WhiteElo "2467"]
[BlackElo "2446"]
[PlyCount "59"]
[EventDate "2017.04.12"]
[EventRounds "9"]
[EventCountry "ESP"]

1. d4 f5 2. g3 Nf6 3. Bg2 g6 4. Nh3 Bg7 5. Nf4 d6 6. d5 c6 7. c4 e5 8. dxe6 Na6
9. h4 Nc7 10. h5 g5 11. h6 Bf8 12. Nh5 Rg8 13. e4 fxe4 14. Nxf6+ Qxf6 15. Qh5+
Rg6 16. Bxe4 Qxe6 17. Kd2 Qxe4 18. Re1 Qe7 19. Rxe7+ Bxe7 20. Nc3 Be6 21. Kc2
d5 22. cxd5 Bf5+ 23. Kb3 cxd5 24. Be3 d4 25. Bxd4 O-O-O 26. Be3 Be6+ 27. Kc2
Bf5+ 28. Kb3 Be6+ 29. Kc2 Bf5+ 30. Kc1 1/2-1/2

[Event "44º Torneo Internacional de Ajedrez de La Roda"]
[Site "La Roda (Albacete) - ESPAÑA"]
[Date "2017.04.15"]
[Round "7"]
[Board "7"]
[White "Baklan, Vladimir"]
[Black "Plazuelo Pascual, Juan"]
[Result "1/2-1/2"]
[WhiteElo "2600"]
[BlackElo "2319"]
[PlyCount "73"]
[EventDate "2017.04.12"]
[EventRounds "9"]
[EventCountry "ESP"]

1. e4 e6 2. d4 d5 3. Nd2 Be7 4. Bd3 c5 5. dxc5 Nf6 6. exd5 Qxd5 7. Ngf3 Nbd7 8.
b4 a5 9. Bc4 Qh5 10. c3 axb4 11. cxb4 b6 12. O-O bxc5 13. b5 g5 14. Be2 g4 15.
Nc4 Bb7 16. Ne1 Rg8 17. Bf4 e5 18. Bg3 Ne4 19. Qc2 Rg6 20. Rd1 Re6 21. h3 f5
22. Rxd7 Kxd7 23. hxg4 fxg4 24. Qd1+ Ke8 25. Bxg4 Qh6 26. Bxe6 Qxe6 27. Qh5+
Qf7 28. Qe2 Qd5 29. Bxe5 Ra4 30. Nb6 Rxa2 31. Nxd5 Rxe2 32. Nxe7 Kxe7 33. Nf3
Nxf2 34. Rxf2 Bxf3 35. Rxf3 Rxe5 36. Kf2 Kd6 37. Re3 1/2-1/2

[Event "44º Torneo Internacional de Ajedrez de La Roda"]
[Site "La Roda (Albacete) - ESPAÑA"]
[Date "2017.04.15"]
[Round "7"]
[Board "8"]
[White "Villar Reymundo, Juan Antonio"]
[Black "Antal, Gergely"]
[Result "1/2-1/2"]
[WhiteElo "2230"]
[BlackElo "2523"]
[PlyCount "98"]
[EventDate "2017.04.12"]
[EventRounds "9"]
[EventCountry "ESP"]

1. d4 Nf6 2. c4 g6 3. g3 Bg7 4. Bg2 d5 5. cxd5 Nxd5 6. e4 Nb6 7. Ne2 c5 8. d5
e6 9. Nec3 O-O 10. O-O Na6 11. Na3 exd5 12. exd5 h5 13. Be3 Bg4 14. Qd2 Qd7 15.
Rfe1 Rfe8 16. Rac1 Bh3 17. Bh1 Bf5 18. Bh6 Bh8 19. b3 Nb4 20. Ne4 Bxe4 21. Rxe4
N4xd5 22. Rxe8+ Rxe8 23. Bxd5 Qxd5 24. Qxd5 Nxd5 25. Rxc5 Nc3 26. Be3 a6 27.
Nc4 b5 28. Nd6 Rd8 29. Rc6 Be5 30. Nb7 Rd7 31. Nc5 Rd1+ 32. Kg2 a5 33. a4 bxa4
34. bxa4 Nd5 35. Nb3 Nxe3+ 36. fxe3 g5 37. Rc2 Bf6 38. Nxa5 Ra1 39. Nc4 Rxa4
40. Kf3 Ra6 41. h3 Be7 42. g4 hxg4+ 43. hxg4 Kg7 44. Nd2 Rf6+ 45. Kg2 Re6 46.
Nf1 Bd6 47. Rc3 Be5 48. Rd3 Kg6 49. Ng3 Bxg3 1/2-1/2

[Event "44º Torneo Internacional de Ajedrez de La Roda"]
[Site "La Roda (Albacete) - ESPAÑA"]
[Date "2017.04.15"]
[Round "7"]
[Board "9"]
[White "Burmakin, Vladimir"]
[Black "Quirhuayo Chumbe, German Gonza"]
[Result "1/2-1/2"]
[WhiteElo "2518"]
[BlackElo "2291"]
[PlyCount "57"]
[EventDate "2017.04.12"]
[EventRounds "9"]
[EventCountry "ESP"]

1. d4 Nf6 2. g3 g6 3. Bg2 Bg7 4. e4 d6 5. Ne2 O-O 6. Nbc3 e5 7. h3 Nc6 8. Be3
a6 9. O-O exd4 10. Nxd4 Ne5 11. Qc1 Re8 12. f4 Nc4 13. Bf2 c5 14. Nb3 Bd7 15.
Nd2 Nxd2 16. Qxd2 Bc6 17. Rfe1 Qc7 18. Rad1 Rad8 19. a3 b5 20. b4 a5 21. Qd3
axb4 22. axb4 Qb8 23. Rb1 Qa8 24. Nxb5 Bxe4 25. Nc7 Bxd3 26. Rxe8+ Nxe8 27.
Nxa8 Bxc2 28. Rc1 Bf5 29. bxc5 1/2-1/2

[Event "44º Torneo Internacional de Ajedrez de La Roda"]
[Site "La Roda (Albacete) - ESPAÑA"]
[Date "2017.04.15"]
[Round "7"]
[Board "10"]
[White "Lopez Mulet, Inigo"]
[Black "Shevchenko, Kirill"]
[Result "1-0"]
[WhiteElo "2301"]
[BlackElo "2491"]
[PlyCount "73"]
[EventDate "2017.04.12"]
[EventRounds "9"]
[EventCountry "ESP"]

1. d4 Nf6 2. c4 e6 3. g3 c5 4. d5 exd5 5. cxd5 d6 6. Nc3 g6 7. Bg2 Bg7 8. Nf3
O-O 9. O-O Nbd7 10. h3 a6 11. a4 Re8 12. Bf4 Qc7 13. Nd2 Nh5 14. e4 Nxf4 15.
gxf4 Rb8 16. Qf3 b5 17. axb5 axb5 18. e5 dxe5 19. d6 Qxd6 20. Nde4 Qe6 21. Rfd1
Bb7 22. Qd3 Bxe4 23. Nxe4 Nf6 24. Nxc5 Qb6 25. b4 Rbd8 26. Qb3 Nh5 27. Ra6 Qc7
28. Rda1 exf4 29. Ra7 Re1+ 30. Bf1 Qe5 31. Qxf7+ Kh8 32. Rxe1 Qxe1 33. Re7 Qxe7
34. Qxe7 Nf6 35. Qf7 f3 36. Ne6 Rb8 37. Nf4 1-0

[Event "44º Torneo Internacional de Ajedrez de La Roda"]
[Site "La Roda (Albacete) - ESPAÑA"]
[Date "2017.04.15"]
[Round "7"]
[Board "11"]
[White "Trigo Urquijo, Sergio"]
[Black "Moreno Ibanez, Miguel"]
[Result "1-0"]
[WhiteElo "2397"]
[BlackElo "2282"]
[PlyCount "81"]
[EventDate "2017.04.12"]
[EventRounds "9"]
[EventCountry "ESP"]

1. e4 c5 2. Nf3 Nc6 3. Bb5 g6 4. Bxc6 dxc6 5. d3 Bg7 6. h3 e5 7. Be3 Qe7 8. Qd2
h6 9. Qc3 b6 10. a4 a5 11. Nbd2 Ba6 12. g4 Nf6 13. Qxe5 Qxe5 14. Nxe5 Nxe4 15.
Ndc4 Bxe5 16. Nxe5 Nd6 17. O-O h5 18. Bg5 Bc8 19. f3 hxg4 20. hxg4 Be6 21. Rae1
b5 22. Re2 bxa4 23. Rfe1 Rg8 24. Nxf7 Kxf7 25. Rxe6 Rge8 26. Rf6+ Kg7 27. Rxe8
Nxe8 28. Rxc6 Rb8 29. Bf4 Rb5 30. Kf2 Kf7 31. Be5 c4 32. Bc3 cxd3 33. cxd3 a3
34. bxa3 Rb3 35. a4 Ra3 36. Rc4 Nd6 37. Rd4 Ke6 38. Bxa5 Ke5 39. Ke3 Ra1 40.
Bc7 Re1+ 41. Kd2 1-0

[Event "44º Torneo Internacional de Ajedrez de La Roda"]
[Site "La Roda (Albacete) - ESPAÑA"]
[Date "2017.04.15"]
[Round "7"]
[Board "12"]
[White "Perera Borrego, Mariela"]
[Black "Martin Duque, Jesus"]
[Result "0-1"]
[WhiteElo "2159"]
[BlackElo "2353"]
[PlyCount "76"]
[EventDate "2017.04.12"]
[EventRounds "9"]
[EventCountry "ESP"]

1. Nf3 Nf6 2. g3 d5 3. Bg2 e6 4. c4 Be7 5. O-O O-O 6. d4 dxc4 7. Ne5 Qd6 8.
Nxc4 Qa6 9. Qc2 Nc6 10. Rd1 Rd8 11. e3 Bd7 12. Bd2 Nd5 13. a3 b5 14. Ne5 Nxe5
15. dxe5 c5 16. Nc3 Nxc3 17. Bxc3 Bc6 18. e4 Rxd1+ 19. Rxd1 b4 20. axb4 cxb4
21. Bd4 Rd8 22. Bf3 Qb7 23. Bxa7 Rxd1+ 24. Bxd1 Bxe4 25. Qe2 Bh1 26. f4 Bd5 27.
Bd4 b3 28. h4 Qb4 29. Qe3 Qa4 30. Kf2 Qa1 31. Bxb3 Bb7 32. Qe1 Qa6 33. Qc3 Qb5
34. Qc4 Qa5 35. Be3 Bb4 36. Kg1 Bd2 37. Bd4 Be3+ 38. Kh2 Qd2+ 0-1

[Event "44º Torneo Internacional de Ajedrez de La Roda"]
[Site "La Roda (Albacete) - ESPAÑA"]
[Date "2017.04.15"]
[Round "7"]
[Board "13"]
[White "Quintin Navarro, Alberto"]
[Black "Domingo Nunez, Ruben"]
[Result "1-0"]
[WhiteElo "2349"]
[BlackElo "2256"]
[PlyCount "53"]
[EventDate "2017.04.12"]
[EventRounds "9"]
[EventCountry "ESP"]

1. e4 e6 2. d4 d5 3. Nc3 Bb4 4. e5 c5 5. dxc5 Ne7 6. Nf3 Nbc6 7. Bd3 Ng6 8. O-O
Bxc5 9. Bg5 Be7 10. Bxe7 Qxe7 11. Bxg6 hxg6 12. Nb5 O-O 13. Nbd4 f5 14. h4 Bd7
15. c3 Rac8 16. Ne2 f4 17. Qd2 Qf7 18. Ned4 Nxd4 19. cxd4 Bb5 20. Rfc1 b6 21.
Rxc8 Rxc8 22. Rc1 Rf8 23. Rc3 Qf5 24. Rc7 Bd3 25. Qc3 Be4 26. Rxa7 Bxf3 27. Qc7
 1-0

[Event "44º Torneo Internacional de Ajedrez de La Roda"]
[Site "La Roda (Albacete) - ESPAÑA"]
[Date "2017.04.15"]
[Round "7"]
[Board "14"]
[White "Esplugas Esteve, Vicenc"]
[Black "Blazquez Lopez, Berna"]
[Result "1/2-1/2"]
[WhiteElo "2342"]
[BlackElo "2203"]
[PlyCount "36"]
[EventDate "2017.04.12"]
[EventRounds "9"]
[EventCountry "ESP"]

1. d4 d5 2. c4 c6 3. Nc3 Nf6 4. e3 a6 5. Nf3 b5 6. b3 Bf5 7. Bd3 Bxd3 8. Qxd3
e6 9. O-O Nbd7 10. a3 Be7 11. e4 dxe4 12. Nxe4 O-O 13. Rd1 bxc4 14. bxc4 Qc7
15. Ng3 Rfd8 16. Qe2 Bd6 17. Be3 Re8 18. Qa2 Qa5 1/2-1/2

[Event "44º Torneo Internacional de Ajedrez de La Roda"]
[Site "La Roda (Albacete) - ESPAÑA"]
[Date "2017.04.15"]
[Round "7"]
[Board "15"]
[White "Nieves Cabanes, Jose Manuel"]
[Black "Iruzubieta Villaluenga, Jesus"]
[Result "1/2-1/2"]
[WhiteElo "2206"]
[BlackElo "2434"]
[PlyCount "109"]
[EventDate "2017.04.12"]
[EventRounds "9"]
[EventCountry "ESP"]

1. Nf3 d5 2. c4 c6 3. e3 Nf6 4. Nc3 a6 5. Qc2 b5 6. b3 Bg4 7. Ne5 Be6 8. d4 g6
9. Bd3 Bg7 10. O-O O-O 11. Bb2 Nfd7 12. Nxd7 Nxd7 13. c5 Nf6 14. b4 Qd7 15. a4
Bf5 16. Bxf5 gxf5 17. Ne2 Kh8 18. Ra3 Bh6 19. Rfa1 Rac8 20. axb5 axb5 21. Bc3
Rg8 22. Be1 Qe6 23. Ng3 Ne4 24. f4 Nxg3 25. hxg3 Bg7 26. Bf2 Qg6 27. Qe2 Bf6
28. Qf3 Kg7 29. Ra6 Rc7 30. Rb6 Rgc8 31. Rba6 Qg4 32. Kf1 Kg6 33. Ke2 e6 34.
R1a2 h5 35. Ra1 Rh8 36. Rb6 Rhc8 37. Rba6 Kg7 38. Rb6 Kf8 39. Rba6 Ke7 40. Rh1
Rh8 41. Rha1 Kd7 42. Rh1 Bd8 43. Kd3 Rc8 44. Qxg4 fxg4 45. Ra7+ Bc7 46. Rha1 f6
47. R1a2 Rcg8 48. Be1 Re8 49. Ra1 Rb8 50. R1a2 Rhc8 51. Bc3 Rh8 52. Be1 Rhg8
53. Ra1 Rge8 54. R1a2 f5 55. Ra1 1/2-1/2